Materiały do ćwiczeń z rekultywacji terenów zdegradowanych / (Rekord nr 34452)
| 000 -ETYKIETA REKORDU | |
|---|---|
| podpole kontrolne o stałej długości | 00887nam a2200253 i 4500 |
| 001 - NUMER KONTROLNY REKORDU | |
| pole kontrolne | bg |
| 020 ## - MIĘDZYNARODOWY ZNORMALIZOWANY NUMER KSIĄŻKI - ISBN | |
| ISBN | 8300029796 |
| 040 ## - ŹRÓDŁO KATALOGOWANIA | |
| Instytucja, która utworzyła rekord | BPK |
| 041 0# - KOD JĘZYKA | |
| Kod języka tekstu | pl |
| 080 ## - UNIWERSALNA KLASYFIKACJA DZIESIĘTNA - UKD | |
| UKD | 631.6:631.4:628.3](075.8) |
| 920 ## - Międzynarodowy znormalizowany numer książki – ISBN | |
| ISBN | 83-00-02979-6 |
| 008 - POLE O STAŁEJ DŁUGOŚCI - DANE KONTROLNE | |
| podpole kontrolne o stałej długości | s pl f |000 0 pol |
| 100 1# - NAZWA OSOBOWA | |
| Nazwa osobowa | MACIAK, Franciszek |
| 245 10 - TYTUŁ/ODPOWIEDZIALNOŚĆ | |
| Tytuł | Materiały do ćwiczeń z rekultywacji terenów zdegradowanych / |
| Pozostałe elementy strefy tytułu i oznaczenia odpowiedzialności | Franciszek Maciak ; Szkoła Główna Gospodarstwa Wiejskiego w Warszawie. |
| 250 ## - STREFA WYDANIA | |
| Oznaczenie wydania | Wyd.2. |
| 260 ## - STREFA ADRESU WYDAWNICZEGO | |
| Miejsce wydania | Warszawa : |
| Nazwa wydawcy/dystrybutora | Wydaw. SGGW, |
| Data publikacji, dystrybucji/powstania dokumentu | 1996. |
| 300 ## - STREFA OPISU FIZYCZNEGO | |
| Objętość | 119, [1] s. : |
| Inne cechy fizyczne | rys., wykr. ; |
| Rozmiary | 24 cm. |
| 504 ## - UWAGA DOTYCZĄCA BIBLIOGRAFII | |
| Informacje o bibliografii | Bibliogr. s. [120]. |
| 521 ## - UWAGA DOTYCZĄCA PRZEZNACZENIA CZYTELNICZEGO | |
| Przeznaczenie czytelnicze | Dla studentów Wydziału Melioracji Wodnych. |
| 650 #9 - HASŁO PRZEDMIOTOWE W FORMIE NAZWY OGÓLNEJ LUB JEDNOSTKOWEJ | |
| Nazwa ogólna lub geograficzna | Gleba |
| Określnik ogólny | higiena |
| -- | podręcznik akademicki |
| 650 #9 - HASŁO PRZEDMIOTOWE W FORMIE NAZWY OGÓLNEJ LUB JEDNOSTKOWEJ | |
| Nazwa ogólna lub geograficzna | Szkody przemysłowe |
| Określnik ogólny | zwalczanie |
| -- | podręcznik akademicki |
| 710 #0 - HASŁO DODATKOWE - NAZWA CIAŁA ZBIOROWEGO | |
| Nazwa ciała zbiorowego lub jednostki geograficznej | Szkoła Główna Gospodarstwa Wiejskiego (Warszawa) |
| 856 ## - LOKALIZACJA I DOSTĘP DO ELEKTRONICZNYCH DOKUMENTÓW ZDALNYCH | |
| Link (URL) | http://koha.tu.koszalin.pl/cgi-bin/koha/opac-detail.pl?biblionumber=34452 |
| Tekst linku | Katalog online BPK |
| 942 ## - DODATKOWE ELEMENTY (KOHA) | |
| Typ dokumentu | Książka |
| Wycofany | Status egzemplarza | Uszkodzony | Dostępność | Lokalizacja stała | Lokalizacja bieżąca | Miejsce przechowywania | Sygnatura | Kod kreskowy | Typ dokumentu |
|---|---|---|---|---|---|---|---|---|---|
| Dostępny | Biblioteka Politechniki Koszalińskiej | Biblioteka Politechniki Koszalińskiej | Wypożyczalnia BG | 47746 | 01405477 | Książka |
